00882cam a22003137 4500001000800000003000900008005001700017007000800034008004000042015000600082017000900088020001500097035000600112040002500118080000600143080000600149082001900155100003500174245015400209250001200363260003300375300002800408490001500436504003200451650001800483700002400501700002700525830001600552a46252 DO-SdBNP20180126092635.0a46252 091102s1991 sp a | |||| 000 0 spa  a  a b  a8420733814 a  aBPMSUbspacBPMSUe  a  a  aI853.8 bM831h1 aMoravia, Alberto,d 1907-1990.10aHistorias de la prehistoria /hAlberto Moravia ; traducción y notas, Laura Cepeda ; apéndice, Isabel Prieto ; ilustración, Shula Goldman.b c  a 4. ed. aMadrid : bAnaya, c1991.f  a223 p.:bil. ;c21 cm. 1 aTus libros aBibliografía : p. 222-223 a z v v 2 12aCepeda, Laura,etr.12aGoldman, Sbula, eil.  0aTus libros